La función judicial /
Contenido: 1. Función judicial: Los jueces ¿crean derecho?; Función legislativa y función judicial: la sujeción del juez a la ley; Indeterminación del derecho. Las paradojas de la interpretación jurídica; Tres problemas de tres teorías de la validez jurídica; La administración de justicia constituci...
Guardado en:
| Autor principal: | |
|---|---|
| Otros autores: | , |
| Formato: | Libro |
| Idioma: | Español |
| Publicado: |
Barcelona, España : México :
Gedisa ; Poder Judicial de la Federación, Tribunal Electoral : Instituto Tecnológico Autónomo de México,
2003, c2003
|
| Colección: | (Cla-De-Ma. Filosofía del Derecho)
|
| Temas: | |
| Etiquetas: |
Sin etiquetas, Sé el primero en etiquetar este registro!
|
MARC
| LEADER | 00000nam^a2200000^a^4500 | ||
|---|---|---|---|
| 001 | 000167777 | ||
| 005 | 20250521000000.0 | ||
| 009 | 20260310101137.744 | ||
| 020 | |a 84-7432-990-6 | ||
| 037 | |a Acervo ITESO - Biblioteca | ||
| 041 | |a ESP | ||
| 082 | |a 347. 72012 |b MAL | ||
| 100 | |a Malem Seña, Jorge F. |e (coord.) | ||
| 245 | 1 | 3 | |a La función judicial / |c Coord. de J.F. Malem Seña, J. Orozco, R. Vázquez. |
| 264 | 4 | |a Barcelona, España : |b Gedisa ; |a México : |b Poder Judicial de la Federación, Tribunal Electoral : |b Instituto Tecnológico Autónomo de México, |c 2003, c2003 | |
| 300 | |a 317 p. | ||
| 336 | |a texto |b txt |2 rdacontenido | ||
| 337 | |a sin mediación |b n |2 rdamedio | ||
| 338 | |a volumen |b nc |2 rdasoporte | ||
| 440 | 1 | |a (Cla-De-Ma. |p Filosofía del Derecho) | |
| 520 | |a Contenido: 1. Función judicial: Los jueces ¿crean derecho?; Función legislativa y función judicial: la sujeción del juez a la ley; Indeterminación del derecho. Las paradojas de la interpretación jurídica; Tres problemas de tres teorías de la validez jurídica; La administración de justicia constitucional; El indebido monopolio constitucional-electoral de la Suprema Corte de Justicia; 2. Etica judicial: El papel del poder judicial en la transición a la democracia; La ética de la función judicial; La vida privada de los jueces; Decisiones privadas y desempeño institucional; 3. El poder judicial y la democracia; Independencia judicial y democracia; Democracia con jueces; La doble vinculación del juez a la constitución y a la ley; La tesis de la doble pluralidad: jueces y democracia: el caso de la transición chilena 1990-1992; Democracia, imperio del derecho y función jurisdiccional. | ||
| 649 | |a XX | ||
| 650 | |a Jueces - |z México | ||
| 650 | |a Etica Jurídica - |z México | ||
| 650 | |a Competencia (Derecho) - |z México | ||
| 650 | |a Justicia - |x Administración - |z México | ||
| 650 | |a Derecho Procesal - |z México | ||
| 650 | |a Jurisdicción - |z México | ||
| 650 | |a Democracia - |z México | ||
| 650 | |a Derecho Procesal - |z México | ||
| 650 | |a Derecho Administrativo - |z México | ||
| 650 | |a Derecho Constitucional - |z México | ||
| 650 | |a Derecho Constitucional - |z México | ||
| 650 | |a Derecho Público - |z México | ||
| 700 | |a Orozco, Jesús |e (coordinación) | ||
| 700 | |a Vázquez, Rodolfo |e (coordinación) | ||
| 910 | |a Fondo General | ||
| 920 | |a Impresos - Libros | ||
| 930 | |a Colección General | ||
| 905 | |a 101 | ||
| 901 | |a 0500103390 |b IT1 |c ACC |u 20250521 | ||
| 902 | |a https://opac.biblio.iteso.mx/vufind/Record/000167777 | ||